Fluid mechanics for chemical engineers (Record no. 5591)

MARC details
000 -LEADER
fixed length control field 00521nam a2200169Ia 4500
003 - CONTROL NUMBER IDENTIFIER
control field SGT
020 ## - INTERNATIONAL STANDARD BOOK NUMBER
International Standard Book Number 9781259002380
082 ## - DEWEY DECIMAL CLASSIFICATION NUMBER
Classification number 532.02466
Item number NEV
100 ## - MAIN ENTRY--PERSONAL NAME
Personal name De Nevers, Noel,
245 ## - TITLE STATEMENT
Title Fluid mechanics for chemical engineers
250 ## - EDITION STATEMENT
Edition statement 3rd Ed.
260 ## - PUBLICATION, DISTRIBUTION, ETC. (IMPRINT)
Name of publisher, distributor, etc Tata McGraw Hill Education Private Limited
Place of publication, distribution, etc New Delhi
Year of Publication 2012
300 ## - PAGE DESCRIPTION
No. of Pages 632p.
650 ## - SUBJECT ADDED ENTRY--TOPICAL TERM
Topical term or geographic name as entry element MECHANICAL ENGINEERING
653 ## - KEYWORDS--INDEX TERM
Keyword term ,PHYSICS, FLUID STATICS ,THE BALANCE EQUATION AND THE MASS BALANCE , THE FIRST LAW OF THEMODYNAMICS
942 ## - ADDED ENTRY ELEMENTS (KOHA)
Source of classification or shelving scheme Dewey Decimal Classification
Koha item type Books
Holdings
Withdrawn status Lost status Source of classification or shelving scheme Damaged status Use restrictions Not for loan Collection code Home library Current library Shelving location Date acquired SGTU Full call number Accession No. (Barcode) Date last seen Bill Date Koha item type
    Dewey Decimal Classification   Restricted Access Not For Loan ENGINEERING SGT Engineering Library SGT Engineering Library Reference Book 31/05/2013 SGTU 532.02466 NEV FE6026 09/02/2015 09/02/2015 Books